Trvalé zlepšovanie kvality produktu - spokojnosť spotrebiteľa

Systém manažmentu kvality a jeho fungovanie v podniku. Predpoklady implementácie systému manažmentu kvality v podniku. Ako udržať systém manažmentu kvality.

Gespeichert in:
Bibliographische Detailangaben
1. Verfasser: Serina, Pavol
Format: Buchkapitel
Sprache:Slowakisch
Schlagworte:
Tags: Tag hinzufügen
Keine Tags, Fügen Sie das erste Tag hinzu!

MARC

LEADER 00000naa$a2200000$$$4500
001 0120350
005 20240502072341.9
041 0 |a slo 
044 |a SK 
245 1 0 |a Trvalé zlepšovanie kvality produktu - spokojnosť spotrebiteľa  |c Pavol Serina 
520 |a Systém manažmentu kvality a jeho fungovanie v podniku. Predpoklady implementácie systému manažmentu kvality v podniku. Ako udržať systém manažmentu kvality. 
610 2 0 |a manažment 
610 2 0 |a riadenie kvality 
610 2 0 |a riadenie podnikové 
610 2 0 |a riadenie procesné 
610 2 0 |a riadenie strategické 
610 2 0 |a produkty 
610 2 0 |a zákazníci 
610 2 0 |a spotrebitelia 
610 2 0 |a výkonnosť 
610 2 0 |a zamestnanci 
610 2 0 |a manažéri 
100 1 |a Serina, Pavol